1376 1988 1626 1240 1167 1546 1062 1147 1790 1256 1510 1681 1511 1221 1817 1273 1827 1489 1365 1962 1730 1101 1409 1984 1663 1395 1788 1633 1820 1145 1989 1829 1680 1268 1047 1577 1738 1569 1928 1345 1793 1763 1816 1880 1249 1271 1444 1052 1419 1169 1550 1243 1424 1434 1364 1943 1519 1737 1100 1971 1642 1587 1343 1211 1961 1228 1126 1799 1283 1903 1012 1805 1549 1867 1158 2000 1079 1887 1226 1184 1478 1698 1884 1154 1730 1815 1901 1274 1161 1099 1979 1120 1686 1481 1105 1100 1077 1187 1294 BCNSPRNW ULIB Ver.6.0+V

เปลี่ยนเป็นภาษาไทย

Change to English
 แสดงรายละเอียดบรรณานุกรม
  กลับหน้าหลัก

Brief Record : Get Marc (ISO 2709) : E-mail record : QR code < ปิดหน้าต่าง
LEADER : 00000nam 2200000uu 4500
001    13399111442
003     ULIB
008    110627s||||||||th 000 0 tha d
020    9786165001472
090    นว.^bน231ด 2554
100 0  นราเกตต์
245 00 ดาวห่มฟ้า/^cนราเกตต์
250    พิมพ์ครั้งที่ 2
260    นนทบุรี :^bพิมพ์คำ,^c2554
300    484 หน้า
945    ^p270^l0^i030182
995    ทศพร
999 ^a ใช้งานได้ทุกระบบ
รายการนี้ยังไม่มีแท็ก
คุณยังไม่ได้ล็อกอิน คุณสามารถมีกิจกรรมร่วมกับเว็บไซต์ได้ แต่ต้องล็อกอินก่อน ::
  ล็อกอิน

รายการสื่อสารสนเทศ

ลำดับที่ ประเภท เลขเรียก/บาร์โค้ด สถานที่ สถานะ
1. นวนิยาย
นวนิยาย
นว. น231ด 2554 ฉ.1 
  Barcode: 030182
ห้องสมุดวิทยาเขตสวรรค์ประชารักษ์
►นวนิยาย
บนชั้น
  ขอยืม

BibComment


ยังไม่เคยถูกคอมเมนท์

คอมเมนท์ทรัพยากรรายการนี้
  คอมเมนท์: ดาวห่มฟ้า นราเกตต์


 Copyright 2026. Bcnsprnw @Library